[Event "USA/S10533 (USA)"]
[Site "CCLA"]
[Date "2021.11.21"]
[Round "?"]
[White "Hadley, Douglas R."]
[Black "Schoenwald, Ira"]
[Result "0-1"]
[WhiteElo "1578"]
[BlackElo "1819"]

1. e4 d6 2. d4 Nf6 3. Nc3 c6 4. f4 Nbd7 5. Nf3 Qa5 6. Bd3 e5 7. O-O Be7 8.
 Kh1 h6 9. fxe5 dxe5 10. Be3 O-O 11. a3 Qc7 12. Rc1 Ng4 13. Bd2 exd4 14. 
Ne2 Ne3 15. Bxe3 dxe3 16. b4 Nf6 17. h3 Rd8 18. Nfd4 c5 19. Nb5 Qe5 20. 
bxc5 Nxe4 21. Rf3 Nf2+ 22. Rxf2 exf2 23. Qf1 Bxc5 24. Rd1 a6 25. Bh7+ Kxh7
26. Rxd8 axb5 27. c3 Qc7 28. Qb1+ g6 29. Rd1 Be6 30. Nd4 Bc4 31. Nxb5 Qf4 
32. Rf1 Bxf1 33. Qxf1 Re8 0-1

[Event "USA/S10533 (USA)"]
[Site "CCLA"]
[Date "2021.11.21"]
[Round "?"]
[White "Hadley, Douglas R."]
[Black "McLaughlin, Ed"]
[Result "0-1"]
[WhiteElo "1578"]
[BlackElo "1496"]

1. e4 e6 2. d4 d5 3. Nc3 dxe4 4. Nxe4 Nf6 5. Bd3 Be7 6. Nf3 Nbd7 7. O-O b6
8. Qe2 O-O 9. Bf4 Bb7 10. Rad1 h6 11. Ne5 a6 12. a3 b5 13. b4 Nd5 14. c4 
Nxf4 15. Qe3 Nxd3 16. Nxd3 bxc4 17. Ndc5 Bd5 18. Nc3 c6 19. Rfe1 Bf6 20. 
N5e4 Be7 21. Nxd5 cxd5 22. Nc3 Qc7 23. Ne2 Bg5 24. f4 Bf6 25. g3 g6 26. 
Nc3 Kh7 27. Kf2 Qd6 28. Re2 a5 29. Na2 axb4 30. Nxb4 Ra4 31. h4 Rfa8 32. 
Ra1 Rxb4 33. axb4 Rxa1 34. Rb2 Rd1 35. Rd2 Rb1 0-1

[Event "2021 Fall Server Series, S10535"]
[Site "CCLA"]
[Date "2021.11.21"]
[Round "?"]
[White "Taylor, Ronald D."]
[Black "Hodgkins, Neil C."]
[Result "1-0"]
[WhiteElo "1363"]
[BlackElo "1422"]

1. e4 e5 2. Bc4 Nf6 3. d3 Bc5 4. Nc3 O-O 5. Nf3 Nc6 6. O-O d6 7. Bg5 Re8 
8. h3 a6 9. Nd5 h6 10. Bxf6 gxf6 11. Nh4 Nd4 12. c3 Ne6 13. Qf3 Nf4 14. 
Nf5 Nxd5 15. Qg3+ 1-0

[Event "2021 Fall Server Series, S10535"]
[Site "CCLA"]
[Date "2021.11.21"]
[Round "?"]
[White "Taylor, Ronald D."]
[Black "Smith, Daniel W."]
[Result "0-1"]
[WhiteElo "1363"]
[BlackElo "1126"]

1. e4 e5 2. Bc4 Nf6 3. Nc3 Bc5 4. f4 d6 5. f5 g6 6. a3 gxf5 7. Nge2 Nc6 8.
 h3 fxe4 9. d4 exd4 10. Na2 d5 11. b4 Bd6 12. Bb5 Nh5 13. O-O Rg8 14. Nxd4
Bxh3 15. Qxh5 Rxg2+ 16. Kh1 Rh2+ 17. Kg1 Bxf1 0-1

[Event "2021 Fall Server Series, S10535"]
[Site "CCLA"]
[Date "2021.11.21"]
[Round "?"]
[White "Hodgkins, Neil C."]
[Black "Taylor, Ronald D."]
[Result "1/2-1/2"]
[WhiteElo "1422"]
[BlackElo "1363"]

1. d4 Nf6 2. c4 g6 3. Nf3 c5 4. d5 b5 5. b3 Bg7 6. a3 O-O 7. Nc3 bxc4 8. 
bxc4 d6 9. e4 Bg4 10. Be2 Nbd7 11. Bb2 Rb8 12. Qc2 Rxb2 13. Qxb2 Nxe4 14. 
Rc1 Qa5 15. O-O Nxc3 16. Qc2 Nxe2+ 17. Qxe2 Ne5 18. h3 Nxf3+ 19. gxf3 Bxh3
20. Rfe1 Bf6 21. Kh2 Bf5 1/2-1/2

[Event "2021 Fall Server Series, S10535"]
[Site "CCLA"]
[Date "2021.11.21"]
[Round "?"]
[White "Hodgkins, Neil C."]
[Black "Williams, Rufus H."]
[Result "1-0"]
[WhiteElo "1422"]
[BlackElo "1262"]

1. d4 Nf6 2. c4 g6 3. Nf3 d5 4. Nc3 Bg7 5. e3 O-O 6. Be2 e6 7. O-O a6 8. 
b4 b6 9. Ne5 c6 10. c5 b5 11. Bb2 Bb7 12. Qc2 a5 13. bxa5 Rxa5 14. e4 Na6 
15. a3 dxe4 16. Nxe4 Nc7 17. Nd6 Ba8 18. Bf3 Qe7 19. Bxc6 Bxc6 20. Nxc6 
Qd7 21. Nxa5 Nfd5 22. Rfe1 Na6 23. Ne4 Rc8 24. Rac1 Nxc5 25. Nxc5 Rxc5 26.
 Qxc5 Bf6 27. g3 Kg7 28. h4 g5 29. hxg5 Bxg5 30. Rb1 Be7 31. Qc2 Bd6 32. 
Re4 Nf6 33. Rh4 Bb8 34. Rd1 Ba7 35. d5 1-0

[Event "2021 Fall Server Series, S10535"]
[Site "CCLA"]
[Date "2021.11.21"]
[Round "?"]
[White "Hodgkins, Neil C."]
[Black "Smith, Daniel W."]
[Result "1-0"]
[WhiteElo "1422"]
[BlackElo "1126"]

1. d4 d5 2. c4 e6 3. Nf3 c5 4. cxd5 Qxd5 5. Nc3 Qd6 6. e4 Nf6 7. Bc4 Nc6 
8. e5 Qc7 9. exf6 gxf6 10. dxc5 Bxc5 11. O-O Rg8 12. Ne4 Qf4 13. Bxf4 e5 
14. Nxf6+ Kf8 15. Nxg8 Kxg8 16. Bh6 Bf8 17. Bxf8 Kxf8 18. Qd6+ Ne7 19. 
Qd8+ Kg7 20. Nxe5 Ng8 21. Qg5+ Kf8 22. Qd8+ Kg7 23. Rfd1 1-0

[Event "2021 Fall Server Series, S10535"]
[Site "CCLA"]
[Date "2021.11.21"]
[Round "?"]
[White "Williams, Rufus H."]
[Black "Taylor, Ronald D."]
[Result "0-1"]
[WhiteElo "1262"]
[BlackElo "1363"]

1. d4 Nf6 2. Nf3 g6 3. c4 Bg7 4. Nc3 O-O 5. Bg5 b6 6. e4 d6 7. Qd2 Bb7 8. 
Bd3 Nbd7 9. O-O c5 10. Rfe1 a6 11. d5 Ne5 12. Nxe5 dxe5 13. a4 Qc7 14. 
Bxf6 Bxf6 15. Qh6 Bg7 16. Qd2 Bc8 17. Qd1 f5 18. Rf1 f4 19. b3 g5 20. a5 
g4 21. axb6 Qxb6 22. Rb1 h5 23. Be2 Qg6 24. f3 Kf7 25. Ra1 gxf3 26. Bxf3 
Bg4 27. Bxg4 hxg4 28. Ra5 Rh8 29. Qd3 Rxh2 30. Kxh2 g3+ 31. Kg1 Rh8 32. 
Rf3 Qh5 33. Rxg3 fxg3 34. Qxg3 Bf6 35. Qh3 Qg5 36. Qf3 Qh4 37. Qh3 Qe1+ 
38. Kh2 Rxh3+ 39. Kxh3 Qh4# 0-1

[Event "2021 Fall Server Series, S10535"]
[Site "CCLA"]
[Date "2021.11.21"]
[Round "?"]
[White "Williams, Rufus H."]
[Black "Hodgkins, Neil C."]
[Result "0-1"]
[WhiteElo "1262"]
[BlackElo "1422"]

1. e4 e5 2. Nf3 Nc6 3. Bc4 Nf6 4. O-O Bc5 5. Re1 O-O 6. a3 d5 7. exd5 Nxd5
8. Nc3 Nxc3 9. bxc3 Re8 10. d3 h6 11. h3 a6 12. a4 Bf5 13. h4 Rb8 14. a5 
e4 15. Bxf7+ Kxf7 16. Ng5+ hxg5 17. Qh5+ Bg6 18. Qg4 Ne5 19. Qe2 exd3 20. 
cxd3 Qxd3 21. Qxd3 Bxd3 22. Bxg5 Ng4 23. Be3 Bxe3 24. fxe3 Rxe3 25. Rxe3 
Nxe3 26. Kf2 Ng4+ 27. Kg3 Nf6 28. Rh1 g6 29. Rd1 Rd8 30. Rd2 Ne4+ 0-1

[Event "2021 Fall Server Series, S10535"]
[Site "CCLA"]
[Date "2021.11.21"]
[Round "?"]
[White "Williams, Rufus H."]
[Black "Smith, Daniel W."]
[Result "1-0"]
[WhiteElo "1262"]
[BlackElo "1126"]

1. e4 e5 2. Nf3 Nc6 3. Bb5 a6 4. Be2 d6 5. Bc4 Na5 6. Be2 Nf6 7. d3 Be6 8.
 b3 Nh5 9. O-O Bg4 10. Nbd2 Nf4 11. h3 Bxh3 12. gxh3 Nxh3+ 13. Kh1 Qd7 14.
 Nh2 Be7 15. Ndf3 Nf4 16. Rg1 Nh3 17. Rg2 O-O-O 18. Qe1 Nf4 19. Bxf4 exf4 
20. Rxg7 Bf6 21. Rg1 h5 22. Rb1 Qc6 23. Qd1 Qc3 24. Rg2 h4 25. Rg4 h3 26. 
Rxf4 Rhg8 27. Qd2 Qxd2 28. Nxd2 Rg2 29. Rxf6 Rdg8 30. Rxf7 Nc6 31. Rh7 
Rxf2 32. Rxh3 Rxe2 33. Rd1 Nb4 34. c4 Nxa2 35. Ndf3 Nc3 36. Rc1 Na2 37. 
Rd1 Nc3 38. Ra1 Rd2 39. b4 Rd1+ 40. Rxd1 Nxd1 41. Nf1 Nf2+ 42. Kh2 Nxh3 
43. Kxh3 c6 44. Ne3 Rf8 45. Nf5 Rf6 46. N3h4 c5 47. b5 a5 48. Nf3 a4 49. 
Nd2 Kc7 50. Kg3 Kb6 51. Nb1 Ka5 52. Nc3 a3 53. Na2 Ka4 54. Nc1 Rg6+ 55. 
Kf2 Kb4 56. Ne3 Kc3 57. Ke2 Kb2 58. Kd2 Rg1 59. Nd1+ Kb1 60. Nc3+ Kb2 61. 
N1e2 Rg2 62. b6 a2 63. Nxa2 Kxa2 64. Ke3 Ka3 65. Nc3 Kb4 66. Nb5 Rg6 67. 
Nc7 Ka5 68. Nd5 Ka4 69. Nc7 Kb3 70. Nb5 Kc2 71. d4 cxd4+ 72. Kxd4 d5 73. 
Kxd5 Rxb6 74. e5 Rc6 75. c5 Rc8 76. Nd6 Rd8 77. Ke6 Rb8 78. Kd7 b6 79. c6 
Kd3 80. c7 Rh8 81. c8=Q Rxc8 82. Kxc8 Kd4 83. e6 Kc5 84. Kd7 b5 85. e7 b4 
86. e8=Q 1-0

[Event "2021 Fall Server Series, S10535"]
[Site "CCLA"]
[Date "2021.11.21"]
[Round "?"]
[White "Smith, Daniel W."]
[Black "Hodgkins, Neil C."]
[Result "0-1"]
[WhiteElo "1126"]
[BlackElo "1422"]

1. e4 e5 2. Nf3 Nc6 3. Bc4 Bc5 4. c3 Nf6 5. d3 d5 6. Bb5 O-O 7. Be3 Bxe3 
8. fxe3 a6 9. Ba4 Bd7 10. O-O Re8 11. Qe1 dxe4 12. dxe4 Nxe4 13. Qh4 Qxh4 
14. Nxh4 b5 15. Bb3 Be6 16. Bc2 Nd6 17. Nd2 Rad8 18. Rfd1 Ne7 19. Rf1 Ndf5
20. Nxf5 Rxd2 21. Ng3 Rxc2 22. Rf2 Rxf2 23. Kxf2 Rd8 24. b4 Bc4 25. a4 g6 
26. axb5 Bxb5 27. Ra5 Nc6 28. Ra1 h5 29. Ne4 Kg7 30. Re1 f5 31. Nc5 Rd2+ 
32. Re2 Rxe2+ 33. Kf3 Rc2 34. Ne6+ Kf6 35. Nxc7 Be2+ 0-1

[Event "2021 Fall Server Series, S10535"]
[Site "CCLA"]
[Date "2021.11.21"]
[Round "?"]
[White "Smith, Daniel W."]
[Black "Williams, Rufus H."]
[Result "0-1"]
[WhiteElo "1126"]
[BlackElo "1262"]

1. e4 c5 2. Nc3 d6 3. Bc4 Nf6 4. Nge2 e6 5. Nf4 Be7 6. O-O O-O 7. d3 a6 8.
 Nh5 Nbd7 9. Nxg7 Kxg7 10. Qd2 Nb6 11. Qg5+ Kh8 12. Qg3 Rg8 13. Qe3 Nxc4 
14. Qh6 Ne5 15. Bf4 Qf8 16. Qh4 Nf3+ 0-1

[Event "Advanced Chess Quad, X21001"]
[Site "CCLA"]
[Date "2021.02.20"]
[Round "?"]
[White "Divanbaigyzand, Mehran"]
[Black "Perkins, Kele"]
[Result "1/2-1/2"]
[WhiteElo "2354"]
[BlackElo "2257"]

1. c4 c5 2. Nc3 Nc6 3. Nf3 Nf6 4. g3 g6 5. Bg2 Bg7 6. O-O O-O 7. d4 cxd4 
8. Nxd4 Nxd4 9. Qxd4 d6 10. Qd3 a6 11. Bg5 h6 12. Be3 Bd7 13. Bd4 Bc6 14. 
Rac1 Rc8 15. Rfd1 Re8 16. b3 h5 17. h4 Bh6 18. Rc2 Bxg2 19. Kxg2 e5 20. 
Be3 Bxe3 21. Qxe3 b5 22. Rcd2 Re6 23. cxb5 axb5 24. Nd5 Nxd5 25. Rxd5 Rc2 
26. R1d2 Qa8 27. Rxc2 Qxd5+ 28. Qf3 e4 29. Rc8+ Kg7 1/2-1/2

[Event "Advanced Chess Quad, X21001"]
[Site "CCLA"]
[Date "2021.02.20"]
[Round "?"]
[White "Divanbaigyzand, Mehran"]
[Black "Haase, F. Philip"]
[Result "1/2-1/2"]
[WhiteElo "2354"]
[BlackElo "2187"]

1. c4 Nf6 2. Nc3 e6 3. e4 d5 4. e5 d4 5. exf6 dxc3 6. bxc3 Qxf6 7. Nf3 e5 
8. Bd3 Nc6 9. O-O Bc5 10. Be4 O-O 11. Re1 h6 12. h3 Re8 13. Qc2 Rb8 14. 
Rb1 a6 15. Bb2 Be6 16. Rbd1 Bf8 17. Re3 Rbd8 18. d4 Bxc4 19. Rde1 Bxa2 20.
 Ba3 Bxa3 21. Qxa2 exd4 22. Bh7+ Kxh7 23. Rxe8 Rxe8 24. Rxe8 Bc5 25. Qb1+ 
g6 26. cxd4 Bb6 27. Qe4 a5 28. Rf8 Bxd4 29. Qe8 Kg7 30. Rg8+ Kh7 31. Rf8 
Kg7 32. Rg8+ Kh7 1/2-1/2

[Event "Advanced Chess Quad, X21001"]
[Site "CCLA"]
[Date "2021.02.20"]
[Round "?"]
[White "Perkins, Kele"]
[Black "Divanbaigyzand, Mehran"]
[Result "1/2-1/2"]
[WhiteElo "2257"]
[BlackElo "2354"]

1. d4 d5 2. c4 e6 3. g3 dxc4 4. Nf3 c5 5. Bg2 Nc6 6. Qa4 cxd4 7. Nxd4 Qxd4
8. Bxc6+ Bd7 9. Be3 Bxc6 10. Qxc6+ Qd7 11. Qxc4 1/2-1/2

[Event "Advanced Chess Quad, X21001"]
[Site "CCLA"]
[Date "2021.02.20"]
[Round "?"]
[White "Perkins, Kele"]
[Black "Haase, F. Philip"]
[Result "1-0"]
[WhiteElo "2257"]
[BlackElo "2187"]

1. d4 d5 2. c4 c6 3. Nf3 Nf6 4. e3 Bf5 5. Nc3 e6 6. Nh4 Be4 7. f3 Bg6 8. 
Qb3 Qb6 9. Nxg6 hxg6 10. Bd2 Nbd7 11. g3 Bd6 12. Kf2 Qc7 13. Kg2 O-O 14. 
cxd5 exd5 15. Rc1 Qb6 16. Bd3 Qxb3 17. axb3 Rfe8 18. g4 Nf8 19. g5 Nh5 20.
 f4 Bb4 21. Kf3 a6 22. Be1 Ne6 23. Rd1 Nc7 24. Rg1 Re7 25. Bf2 Nb5 26. Na2
Ba5 27. Nc1 Nd6 28. Bc2 Rae8 29. Nd3 Kh7 30. Ne5 Bb4 31. Ke2 Nf5 32. Rg4 
Bd6 33. Kf3 Rf8 34. Be1 Re6 35. Bc3 Re7 36. Rgg1 Re6 37. Rde1 f6 38. gxf6 
Bxe5 39. Bxf5 gxf5 40. dxe5 gxf6 41. exf6 Nxf6 42. Rg5 Ne4 43. Rg7+ Kh6 
44. Rxb7 Rg8 45. Rc7 Reg6 46. Rd1 Kh5 47. Rh7+ Rh6 48. Rxh6+ Kxh6 49. Ra1 
Ra8 50. b4 Ra7 51. Ke2 Ra8 52. Kd3 Kh5 53. Kd4 Kg6 54. Rg1+ Kh7 55. Kd3 
Kh6 56. Be5 Kh5 57. Kd4 Re8 58. h3 Re6 59. Rg8 Kh4 60. Rh8+ Kg3 61. h4 Kf3
62. h5 Kg4 63. h6 Kh5 64. Bg7 Kg6 65. Rg8 Nf2 66. Bf8+ Kh7 67. Rg7+ Kh8 
68. Rf7 Re4+ 69. Kc5 Ng4 70. Kxc6 Nxe3 71. Kb7 Re6 72. Rd7 d4 73. Bg7+ Kh7
74. Bf8+ Kh8 75. Rxd4 Re8 76. Bc5 Kh7 77. Kxa6 Ra8+ 78. Kb7 Re8 79. b5 Nc2
80. Rd7+ Kxh6 81. b6 Kh5 82. Kc7 Rg8 83. Rd1 Rg7+ 84. Kc6 Rg6+ 85. Kb5 Re6
86. b7 Re8 87. Kc6 Kg4 88. Kc7 Rh8 89. b8=Q Rxb8 90. Kxb8 Kxf4 91. Rc1 Ne3
92. Bxe3+ Kxe3 93. b4 f4 94. b5 f3 95. b6 Kd2 96. Rc5 f2 97. Rf5 Ke1 98. 
b7 f1=Q 99. Rxf1+ Kxf1 100. Kc7 Kg2 101. b8=Q Kf3 102. Qe8 Kf2 103. Qe4 
Kg3 104. Kd6 Kf2 105. Ke5 Kg3 106. Qf4+ Kh3 107. Qg5 Kh2 108. Qg4 Kh1 109.
 Kf4 Kh2 110. Kf3 Kh1 111. Qg2# 1-0

[Event "Advanced Chess Quad, X21001"]
[Site "CCLA"]
[Date "2021.02.20"]
[Round "?"]
[White "Harris, Timothy"]
[Black "Haase, F. Philip"]
[Result "1/2-1/2"]
[WhiteElo "2172"]
[BlackElo "2187"]

1. e4 c5 2. Nf3 d6 3. d4 cxd4 4. Nxd4 Nf6 5. Nc3 a6 6. Be3 e5 7. Nb3 Be6 
8. f3 Nbd7 9. g4 Be7 10. Qd2 b5 11. O-O-O O-O 12. g5 b4 13. Ne2 Ne8 14. f4
a5 15. f5 a4 16. fxe6 axb3 17. cxb3 fxe6 18. Bh3 Rxa2 19. Bxe6+ Kh8 20. 
Ng3 Nc7 21. Bc4 Qa8 22. Rhf1 Rxf1 23. Rxf1 Ra1+ 24. Kc2 Rxf1 25. Bxf1 d5 
26. Qf2 1/2-1/2

[Event "Advanced Chess Quad, X21001"]
[Site "CCLA"]
[Date "2021.02.20"]
[Round "?"]
[White "Haase, F. Philip"]
[Black "Divanbaigyzand, Mehran"]
[Result "1/2-1/2"]
[WhiteElo "2187"]
[BlackElo "2354"]

1. e4 d5 2. exd5 Qxd5 3. Nc3 Qd6 4. d4 Nf6 5. Nf3 c6 6. Ne5 Nbd7 7. Nc4 
Qc7 8. a4 g6 9. a5 Bg7 10. g3 Nd5 11. Bg2 N7f6 12. O-O O-O 13. Nxd5 Nxd5 
14. Re1 Be6 15. Ne5 Rad8 16. a6 b6 17. Qf3 c5 18. c4 Nb4 19. Bf4 Qc8 20. 
d5 Bf5 21. h3 Bxh3 22. Bxh3 Qxh3 23. Rad1 Qf5 24. g4 Qc8 25. Nc6 Nxc6 26. 
dxc6 Rxd1 27. Rxd1 Bd4 28. b4 e5 29. Bh6 Re8 30. b5 e4 31. Qe2 Qe6 32. Kh1
Qf6 33. Be3 g5 34. Rf1 Kf8 35. Kg2 h6 36. Re1 Re7 37. Qd1 Bc3 38. Rf1 Bd4 
39. Qe2 Re6 40. Rd1 Qe5 41. Qd2 Qf6 1/2-1/2

[Event "Advanced Chess Quad, X21001"]
[Site "CCLA"]
[Date "2021.02.20"]
[Round "?"]
[White "Haase, F. Philip"]
[Black "Perkins, Kele"]
[Result "1/2-1/2"]
[WhiteElo "2187"]
[BlackElo "2257"]

1. e4 c5 2. Nf3 Nc6 3. d4 cxd4 4. Nxd4 Nf6 5. Nc3 e5 6. Ndb5 d6 7. Bg5 a6 
8. Na3 b5 9. Nd5 Be7 10. Bxf6 Bxf6 11. c3 O-O 12. Nc2 Bg5 13. a4 bxa4 14. 
Rxa4 a5 15. Bc4 Rb8 16. b3 Kh8 17. Nce3 Ne7 18. Nxe7 Qxe7 19. Nd5 Qd8 20. 
O-O f5 21. exf5 Bxf5 22. Ra2 Rc8 23. Qe2 Be6 24. Rd1 Rc5 25. g3 Qb8 26. h4
Bd8 27. b4 axb4 28. cxb4 Bxd5 29. Bxd5 Qxb4 30. Be4 g6 31. Rb2 Qc4 32. Qe3
Be7 33. Rbd2 Qf7 34. Kg2 Qe6 35. Bd5 Qg4 36. Ra1 Rc7 37. Qh6 Rc3 38. f3 
Rcxf3 39. Bxf3 Qxf3+ 40. Kh2 Kg8 41. Ra7 Rf7 42. Rb2 Bf8 43. Rxf7 Qxf7 44.
 Qc1 h5 45. Qc6 Qf5 1/2-1/2

[Event "Advanced Chess Quad, X21001"]
[Site "CCLA"]
[Date "2021.02.20"]
[Round "?"]
[White "Haase, F. Philip"]
[Black "Harris, Timothy"]
[Result "1/2-1/2"]
[WhiteElo "2187"]
[BlackElo "2172"]

1. e4 c5 2. Nf3 d6 3. d4 cxd4 4. Nxd4 Nf6 5. Nc3 a6 6. Be3 e5 7. Nb3 Be6 
8. h3 Be7 9. Qf3 O-O 10. a3 Nbd7 11. g4 g6 12. O-O-O Rc8 13. Nd5 Bxd5 14. 
exd5 Nb6 15. Kb1 e4 16. Bxb6 exf3 17. Bxd8 Bxd8 18. Bd3 Bb6 19. c3 Kg7 20.
 Rh2 Rb8 21. Nd2 h5 22. g5 Nxd5 23. Bc2 Nf4 24. Nxf3 Bc7 1/2-1/2

[Event "Advanced Chess Server Quad, X21002"]
[Site "CCLA"]
[Date "2021.07.12"]
[Round "?"]
[White "Perkins, Kele"]
[Black "Harris, Timothy"]
[Result "1/2-1/2"]
[WhiteElo "2260"]
[BlackElo "2259"]

1. d4 Nf6 2. c4 e6 3. g3 Bb4+ 4. Bd2 Be7 5. Nf3 d5 6. Bg2 O-O 7. O-O c6 8.
 Qc2 b6 9. Bf4 Bb7 10. Rd1 Nbd7 11. Ne5 Nh5 12. Bd2 Nhf6 13. cxd5 cxd5 14.
 Nc6 Bxc6 15. Qxc6 a6 16. e3 b5 17. Rc1 h5 18. a4 Qb8 19. axb5 axb5 20. 
Ra6 1/2-1/2

[Event "Advanced Chess Server Quad, X21002"]
[Site "CCLA"]
[Date "2021.07.12"]
[Round "?"]
[White "Perkins, Kele"]
[Black "Blechar, Michael J."]
[Result "1/2-1/2"]
[WhiteElo "2260"]
[BlackElo "2121"]

1. d4 Nf6 2. c4 g6 3. g3 c5 4. dxc5 Qa5+ 5. Nc3 Qxc5 6. e4 Bg7 7. Be3 Qa5 
8. Bg2 Nc6 9. Ne2 d6 10. Bd2 Ne5 11. Nd5 Qd8 12. Bc3 O-O 13. b3 Nxd5 14. 
exd5 b5 15. cxb5 a6 16. O-O axb5 17. Nd4 Bd7 18. Nc6 Bxc6 19. dxc6 Qb6 20.
 a4 b4 21. Bd2 Nxc6 22. Rc1 Rac8 23. Rc4 Bc3 24. Bxc3 bxc3 25. Rxc3 Na5 
26. Rxc8 Rxc8 27. Qe1 e6 28. b4 Nb3 29. a5 Qb5 30. Qe3 Qxb4 31. a6 Nd4 32.
 Rd1 1/2-1/2

[Event "Advanced Chess Server Quad, X21002"]
[Site "CCLA"]
[Date "2021.07.12"]
[Round "?"]
[White "Perkins, Kele"]
[Black "Weiser, Robert"]
[Result "1/2-1/2"]
[WhiteElo "2260"]
[BlackElo "2034"]

1. e4 d5 2. exd5 Qxd5 3. Nc3 Qd6 4. d4 Nf6 5. Nf3 c6 6. Ne5 Nbd7 7. Nc4 
Qc7 8. Qf3 Nb6 9. Bf4 Qd7 10. Nxb6 axb6 11. O-O-O Qd8 12. h3 e6 13. Bc4 b5
14. Bb3 Be7 15. Be5 O-O 16. Qg3 Nh5 17. Qd3 Nf6 18. h4 Ng4 19. Bg3 Ra7 20.
 h5 b6 21. h6 g6 22. Qf3 Nf6 23. Kb1 Rd7 24. Be5 Bb7 25. Qe2 Ba6 26. Rhe1 
b4 27. Qxa6 bxc3 28. bxc3 Re8 29. a4 Qa8 30. Qxa8 Rxa8 31. Rd3 b5 32. axb5
cxb5 33. Bf4 Nd5 34. Bxd5 Rxd5 35. Kb2 Ra6 36. Rdd1 g5 37. Bg3 f6 38. Ra1 
Rxa1 39. Rxa1 Bf8 40. Ra8 Kf7 41. Ra7+ Kg6 42. Ra6 Kf7 43. Ra7+ Kg6 44. 
Kb3 g4 45. Rb7 Bxh6 46. Re7 Bg5 47. Rxe6 Rf5 48. c4 bxc4+ 49. Kxc4 h5 50. 
Re2 h4 51. Bh2 h3 52. gxh3 1/2-1/2

[Event "Advanced Chess Server Quad, X21002"]
[Site "CCLA"]
[Date "2021.07.12"]
[Round "?"]
[White "Harris, Timothy"]
[Black "Perkins, Kele"]
[Result "1/2-1/2"]
[WhiteElo "2259"]
[BlackElo "2260"]

1. e4 c5 2. Nf3 Nc6 3. d4 cxd4 4. Nxd4 Nf6 5. Nc3 e5 6. Ndb5 d6 7. Bg5 a6 
8. Na3 b5 9. Nd5 Be7 10. Bxf6 Bxf6 11. c3 O-O 12. Nc2 Bg5 13. a4 bxa4 14. 
Rxa4 a5 15. Bc4 Rb8 16. b3 Kh8 17. Nce3 Ne7 18. Nxe7 Qxe7 19. Nd5 Qd8 20. 
O-O f5 21. exf5 Bxf5 22. Qe2 Bd7 23. Ra2 Be6 24. g3 Rc8 25. Rd1 Rb8 26. 
Rf1 g6 27. Ra4 1/2-1/2

[Event "Advanced Chess Server Quad, X21002"]
[Site "CCLA"]
[Date "2021.07.12"]
[Round "?"]
[White "Harris, Timothy"]
[Black "Blechar, Michael J."]
[Result "1/2-1/2"]
[WhiteElo "2259"]
[BlackElo "2121"]

1. e4 c6 2. d4 d5 3. exd5 cxd5 4. Bd3 Nc6 5. c3 Qc7 6. Ne2 Bg4 7. O-O Nf6 
8. Qe1 e6 9. Bg5 h6 10. Bxf6 Bxe2 11. Bxe2 gxf6 12. Bh5 O-O-O 13. Nd2 Kb8 
14. g3 Bd6 15. Rd1 1/2-1/2

[Event "Advanced Chess Server Quad, X21002"]
[Site "CCLA"]
[Date "2021.07.12"]
[Round "?"]
[White "Harris, Timothy"]
[Black "Weiser, Robert"]
[Result "1-0"]
[WhiteElo "2259"]
[BlackElo "2034"]

1. e4 d5 2. exd5 Qxd5 3. Nc3 Qd6 4. d4 Nf6 5. Nf3 c6 6. Ne5 Nbd7 7. Nc4 
Qc7 8. a4 g6 9. a5 Bg7 10. g3 Nd5 11. Bg2 N7f6 12. O-O O-O 13. Re1 Bg4 14.
 Ne2 c5 15. Ne5 Bxe2 16. Rxe2 Rad8 17. c3 Rfe8 18. Re1 e6 19. a6 bxa6 20. 
dxc5 Ne3 21. Qa4 Nxg2 22. Kxg2 Qxc5 23. Qxa6 Nd7 24. Ra5 Qc7 25. Nc6 Rc8 
26. Nb4 Bf8 27. Bf4 Qb6 28. Qxa7 Bxb4 29. Qxb6 Nxb6 30. cxb4 Nd5 31. Bd6 
g5 32. Rc5 Kg7 33. Ra1 Rcd8 34. Rc6 Ne7 35. Rca6 Nf5 36. Bc7 Rd2 37. Be5+ 
Kg6 38. Bc3 Rd7 39. Ra8 Rdd8 40. Rxd8 Rxd8 41. Ra5 Nd6 42. g4 f6 43. h3 e5
44. Kf3 Kf7 45. Ra7+ Kg6 46. Ra6 Kf7 47. Rb6 Nc4 48. Rc6 Nd6 49. Rb6 Nc4 
50. Rc6 Nd6 51. Ke2 1-0

[Event "Advanced Chess Server Quad, X21002"]
[Site "CCLA"]
[Date "2021.07.12"]
[Round "?"]
[White "Blechar, Michael J."]
[Black "Perkins, Kele"]
[Result "1/2-1/2"]
[WhiteElo "2121"]
[BlackElo "2260"]

1. Nf3 Nf6 2. c4 c5 3. g3 g6 4. Bg2 Bg7 5. O-O O-O 6. Nc3 Nc6 7. d4 cxd4 
8. Nxd4 Nxd4 9. Qxd4 d6 10. Qd3 Bf5 11. e4 Be6 12. b3 Nd7 13. Bd2 a6 14. 
Rac1 b5 15. cxb5 axb5 16. Qxb5 Bxc3 17. Bxc3 Rxa2 18. b4 Qb8 19. Qxb8 Rxb8
20. Ra1 Rxa1 21. Rxa1 Rc8 22. Rc1 1/2-1/2

[Event "Advanced Chess Server Quad, X21002"]
[Site "CCLA"]
[Date "2021.07.12"]
[Round "?"]
[White "Blechar, Michael J."]
[Black "Harris, Timothy"]
[Result "1/2-1/2"]
[WhiteElo "2121"]
[BlackElo "2259"]

1. Nf3 Nf6 2. c4 e6 3. Nc3 d5 4. e3 Be7 5. b3 O-O 6. Bb2 c5 7. cxd5 Nxd5 
8. h4 Nc6 9. Qb1 f5 10. Bb5 Bd7 11. Nxd5 exd5 12. h5 h6 13. Bxc6 Bxc6 14. 
Ne5 Qd6 15. Qc2 f4 16. Ng6 fxe3 17. dxe3 Rfe8 1/2-1/2

[Event "Advanced Chess Server Quad, X21002"]
[Site "CCLA"]
[Date "2021.07.12"]
[Round "?"]
[White "Blechar, Michael J."]
[Black "Weiser, Robert"]
[Result "1/2-1/2"]
[WhiteElo "2121"]
[BlackElo "2034"]

1. Nf3 Nf6 2. c4 g6 3. g3 Bg7 4. Bg2 O-O 5. O-O c6 6. b3 d6 7. d4 Qa5 8. 
Bb2 d5 9. e3 Bf5 10. Qe2 Ne4 11. Nfd2 Nxd2 12. Nxd2 Nd7 13. Rac1 Nf6 14. 
f3 Qxa2 15. Bc3 Be6 16. Ra1 Qc2 17. Rfc1 Qf5 18. g4 Qg5 19. h3 Qh6 20. Bb4
g5 21. Bxe7 Rfe8 22. Bd6 Nd7 23. Bg3 f5 24. Bf2 c5 25. Qd3 f4 26. exf4 
gxf4 27. cxd5 Bxd5 28. dxc5 Bc6 29. Nc4 Bxa1 30. Rxa1 Qg6 31. Qd4 Re6 32. 
Bf1 Qg7 33. Qxg7+ Kxg7 34. Bd4+ Kf8 35. Kf2 b6 36. b4 bxc5 1/2-1/2

[Event "Advanced Chess Server Quad, X21002"]
[Site "CCLA"]
[Date "2021.07.12"]
[Round "?"]
[White "Weiser, Robert"]
[Black "Perkins, Kele"]
[Result "1/2-1/2"]
[WhiteElo "2034"]
[BlackElo "2260"]

1. d4 d5 2. c4 c6 3. cxd5 cxd5 4. Nc3 Nf6 5. Bf4 Nc6 6. e3 Bf5 7. Qb3 Na5 
8. Qa4+ Bd7 9. Qc2 e6 10. Bd3 Bb4 11. Nf3 Nh5 12. Bg5 f6 13. g4 fxg5 14. 
gxh5 Qf6 15. Ne5 Nc6 16. Nxd7 Kxd7 17. a3 Ba5 18. Be2 Rac8 19. O-O Bxc3 
20. bxc3 Kc7 21. c4 Kb8 22. Qa4 Ne7 23. Rac1 Rhf8 24. Bg4 Rc7 25. Rc2 Nf5 
26. Rfc1 Nh4 27. c5 e5 28. dxe5 Qxe5 29. c6 Qf6 30. Kh1 d4 31. cxb7 Qxf2 
32. Rxf2 Rxc1+ 33. Bd1 Rxf2 34. Qe8+ Kxb7 35. Qe4+ Kb8 36. Qe5+ Kb7 37. 
Qe4+ Kb6 38. Qxd4+ Kc7 39. Qxa7+ Kc8 40. Qa6+ Kc7 41. Qa7+ Kc8 42. Qa6+ 
Kc7 1/2-1/2

[Event "Advanced Chess Server Quad, X21002"]
[Site "CCLA"]
[Date "2021.07.12"]
[Round "?"]
[White "Weiser, Robert"]
[Black "Harris, Timothy"]
[Result "1/2-1/2"]
[WhiteElo "2034"]
[BlackElo "2259"]

1. d4 Nf6 2. c4 e6 3. Nc3 Bb4 4. a3 Bxc3+ 5. bxc3 b6 6. f3 Ba6 7. e4 Nc6 
8. Bd3 Na5 9. Qe2 c5 10. Be3 d6 11. Nh3 Qc7 12. O-O cxd4 13. cxd4 Bxc4 14.
 Rfc1 Rc8 15. Nf2 O-O 16. Bg5 Nd7 17. Bxc4 Nxc4 18. Be7 Rfe8 19. Bxd6 Qxd6
20. Rxc4 Nf8 21. a4 Rxc4 22. Qxc4 Re7 23. Rd1 Rc7 24. Qb3 Qd8 25. d5 Qc8 
26. Nd3 1/2-1/2

[Event "Advanced Chess Server Quad, X21002"]
[Site "CCLA"]
[Date "2021.07.12"]
[Round "?"]
[White "Weiser, Robert"]
[Black "Blechar, Michael J."]
[Result "1/2-1/2"]
[WhiteElo "2034"]
[BlackElo "2121"]

1. d4 Nf6 2. c4 g6 3. f3 Bg7 4. e4 d6 5. Nc3 O-O 6. Be3 c5 7. Nge2 Nc6 8. 
d5 Ne5 9. Ng3 h5 10. Be2 h4 11. Nf1 e6 12. f4 Nxc4 13. Bxc4 b5 14. Bxb5 
exd5 15. e5 Bg4 16. Be2 Bxe2 17. Nxe2 dxe5 18. fxe5 Nd7 19. Qxd5 Nxe5 20. 
Qxd8 Raxd8 21. Nf4 Rfe8 22. Rd1 Rb8 23. Rd2 g5 24. Nh5 Bh8 25. Kf2 Ng4+ 
26. Kf3 Ne5+ 27. Kf2 Ng4+ 28. Kf3 Ne5+ 29. Kf2 1/2-1/2